000 00694pam a2200217 a 4500
001 1895270
005 20231122043132.0
008 840404s1985 ilu b s001 0 eng
020 _a0252009576 (alk. paper)
040 _aDLC
_cDLC
_dDLC
082 0 0 _a305.4/07/073
_219
245 0 0 _aFeminist scholarship :
_bkindling in the groves of academe /
_cEllen Carol DuBois ... [et al.].
260 _aUrbana :
_bUniversity of Illinois Press,
_cc1985.
300 _ax, 227 p. ;
500 _aIncludes index.
650 0 _aWomen's studies
650 0 _aInterdisciplinary approach to knowledge.
650 0 _aInterdisciplinary approach in education.
700 1 _aDuBois, Ellen Carol,
_eedt
942 _cL
999 _c53
_d53